Sangre de viento : (Record no. 25493)
[ view plain ]
| 000 -CABECERA | |
|---|---|
| campo de control de longitud fija | 00750nam a2200229 a 4500 |
| 001 - NÚMERO DE CONTROL | |
| campo de control | 000026001 |
| 003 - IDENTIFICADOR DEL NÚMERO DE CONTROL | |
| campo de control | DO-SdBNP |
| 005 - FECHA Y HORA DE LA ÚLTIMA TRANSACCIÓN | |
| campo de control | 20240412074252.0 |
| 008 - DATOS DE LONGITUD FIJA--INFORMACIÓN GENERAL | |
| campo de control de longitud fija | 110225t1992 dr 001 p spa d |
| 040 ## - FUENTE DE LA CATALOGACIÓN | |
| Centro catalogador/agencia de origen | DO-SdBNP |
| Lengua de catalogación | spa |
| Centro/agencia transcriptor | BNPHU |
| 082 #4 - NÚMERO DE LA CLASIFICACIÓN DECIMAL DEWEY | |
| Número de clasificación | RD861.44 |
| Número de documento/Ítem | T266s |
| Número de edición | 22 |
| 100 1# - ENTRADA PRINCIPAL--NOMBRE DE PERSONA | |
| Nombre de persona | Tejada M. , Puro R., |
| Fechas asociadas al nombre | 1967- |
| 9 (RLIN) | 52905 |
| 245 10 - MENCIÓN DE TÍTULO | |
| Título | Sangre de viento : |
| Resto del título | (poemas) / |
| Mención de responsabilidad, etc. | Puro R. Tejada M. |
| 260 ## - PUBLICACIÓN, DISTRIBUCIÓN, ETC. | |
| Lugar de publicación, distribución, etc. | Santiago de los Caballeros, República Dominicana : |
| Nombre del editor, distribuidor, etc. | Círculo de Escritores de Santiago, |
| Fecha de publicación, distribución, etc. | 1992. |
| 300 ## - DESCRIPCIÓN FÍSICA | |
| Extensión | 52 p. ; |
| Dimensiones | 21 cm. |
| 490 0# - MENCIÓN DE SERIE | |
| Mención de serie | Ediciones imposibles |
| Designación de volumen o secuencia | 2 |
| 590 ## - NOTA LOCAL (RLIN) | |
| Nota local | Inventariado, 2019/LP |
| 650 #4 - PUNTO DE ACCESO ADICIONAL DE MATERIA--TÉRMINO DE MATERIA | |
| Término de materia o nombre geográfico como elemento de entrada | Poesía dominicana |
| 9 (RLIN) | 66 |
| 650 #0 - PUNTO DE ACCESO ADICIONAL DE MATERIA--TÉRMINO DE MATERIA | |
| Término de materia o nombre geográfico como elemento de entrada | Literatura dominicana. |
| 9 (RLIN) | 67 |
| 910 ## - DATOS DE OPCIÓN DEL USUARIO (OCLC) | |
| Datos de opción del usuario | Validado. Control de calidad EMS. |
| 942 ## - ELEMENTOS DE PUNTO DE ACCESO ADICIONAL (KOHA) | |
| Fuente del sistema de clasificación o colocación | Dewey Decimal Classification |
| Tipo de ítem Koha | Libro |
| Estado de retiro | Estado de pérdida | Fuente del sistema de clasificación o colocación | Restricciones de uso | No para préstamo | Código de colección | Localización permanente | Ubicación/localización actual | Ubicación en estantería | Fecha de adquisición | Número de inventario | Signatura topográfica completa | Código de barras | Fecha visto por última vez | Número de copia | Precio válido a partir de | Tipo de ítem Koha | Total de préstamos | Nota pública |
|---|---|---|---|---|---|---|---|---|---|---|---|---|---|---|---|---|---|---|
| Dewey Decimal Classification | Préstamo en sala | Dominicana de Servicio | Biblioteca Nacional Pedro Henríquez Ureña | Biblioteca Nacional Pedro Henríquez Ureña | Depósito | 25.02.2011 | LF1 | BNPHU DS RD861.44 T266s | 26001-30 | 25.06.2020 | e. 3 | 25.06.2020 | Libro | |||||
| Excluido de préstamo | Patrimonio Dominicano | Patrimonio Dominicano | Patrimonio Dominicano | Depósito | 25.02.2011 | LF1 | RD861.44 T266s | 26001-10 | 25.06.2020 | 25.06.2020 | Libro y Folleto Colección Patrimonio Dominicano | Autografiado por el autor, dedicado a Aida Cartagena Portalatin. | ||||||
| Excluido de préstamo | Patrimonio Dominicano | Patrimonio Dominicano | Patrimonio Dominicano | Depósito | 25.02.2011 | LF1 | RD861.44 T266s | 26001-20 | 25.06.2020 | e. 2 | 25.06.2020 | Libro y Folleto Colección Patrimonio Dominicano |
